PRINCIPLES OF ENGINEERING GRAPHICS (Record no. 570825)
[ view plain ]
| 000 -LEADER | |
|---|---|
| fixed length control field | 00296nam a22001217a 4500 |
| 020 ## - INTERNATIONAL STANDARD BOOK NUMBER | |
| International Standard Book Number | 0-02-946227-4 |
| 082 ## - DEWEY DECIMAL CLASSIFICATION NUMBER | |
| Classification number | 604.2 GIE |
| 100 ## - MAIN ENTRY--PERSONAL NAME | |
| Personal name | GIESECKE FREDERICKE E ,MITCHELL ALVA |
| 9 (RLIN) | 61337 |
| 245 ## - TITLE STATEMENT | |
| Title | PRINCIPLES OF ENGINEERING GRAPHICS |
| 260 ## - PUBLICATION, DISTRIBUTION, ETC. | |
| Place of publication, distribution, etc. | |
| Name of publisher, distributor, etc. | |
| Date of publication, distribution, etc. | 1990 |
| 300 ## - PHYSICAL DESCRIPTION | |
| Extent | 703P |
| 942 ## - ADDED ENTRY ELEMENTS (KOHA) | |
| Koha item type | Book |
| Withdrawn status | Lost status | Source of classification or shelving scheme | Damaged status | Not for loan | Permanent Location | Current Location | Shelving location | Date acquired | Full call number | Barcode | Date last seen | Price effective from | Koha item type | Public note | Total Checkouts |
|---|---|---|---|---|---|---|---|---|---|---|---|---|---|---|---|
| College of Electrical & Mechanical Engineering (CEME) | College of Electrical & Mechanical Engineering (CEME) | General Stacks | 07/20/2017 | 604.2 GIE | CEME-25425 | 06/28/2021 | 06/28/2021 | Book | 3.8 | ||||||
| College of Electrical & Mechanical Engineering (CEME) | College of Electrical & Mechanical Engineering (CEME) | General Stacks | 12/23/2025 | 604.2 GIE | CEME-25426 | 12/23/2025 | 12/23/2025 | Book | 3.8 | ||||||
| College of Electrical & Mechanical Engineering (CEME) | College of Electrical & Mechanical Engineering (CEME) | General Stacks | 12/23/2025 | 604.2 GIE | CEME-25427 | 12/23/2025 | 12/23/2025 | Book | 3.8 | ||||||
| College of Electrical & Mechanical Engineering (CEME) | College of Electrical & Mechanical Engineering (CEME) | General Stacks | 12/23/2025 | 604.2 GIE | CEME-25263 | 12/23/2025 | 12/23/2025 | Book | 3.8 |
